[Event "Titled Tuesday intern op 18th Aug"]
[Site "Chess.com INT"]
[Date "2020.08.18"]
[Round "5"]
[White "Allam, Mohamed"]
[Black "Sharmin, Samiha Shimmi"]
[Result "1-0"]
[WhiteElo "1971"]
[BlackElo "1812"]
[PlyCount "73"]
[EventDate "2020.08.18"]
[EventType "swiss (blitz)"]
[EventRounds "10"]
[EventCountry "USA"]
[SourceTitle "CBM 197 Extra"]
[Source "ChessBase"]
[SourceDate "2020.09.30"]
[SourceVersion "1"]
[SourceVersionDate "2020.09.30"]
[SourceQuality "1"]

1. e4 d5 2. exd5 Qxd5 3. d4 Nc6 4. Nf3 Bg4 5. Be2 0-0-0 6. c4 Qh5 7. d5 e6 8. Nc3 exd5 9. cxd5 Nf6 10. Qb3 Nxd5 11. Nxd5 Qxd5 12. Qxd5 Rxd5 13. Be3 Bb4+ 14. Kf1 Re8 15. h3 Bh5 16. Rd1 Rxd1+ 17. Bxd1 h6 18. Bb3 Bxf3 19. gxf3 Re7 20. Rg1 f6 21. Ke2 Nd4+ 22. Kd3 Nxf3 23. Bd5 Ne5+ 24. Kc2 c6 25. Bb3 a6 26. Bb6 Nd7 27. Be3 b5 28. Rg2 c5 29. Bd5 Ne5 30. a3 Ba5 31. Rg1 c4 32. Bc5 Rc7 33. Bd6 Ra7 34. Be6+ Kb7 35. Rxg7+ Kb6 36. Bc5+ Kxc5 37. Rxa7 1-0

[Event "Titled Tuesday intern op 18th Aug"]
[Site "Chess.com INT"]
[Date "2020.08.18"]
[Round "4"]
[White "Steenbekkers, Franck"]
[Black "Allam, Mohamed"]
[Result "1/2-1/2"]
[WhiteElo "2164"]
[BlackElo "1971"]
[PlyCount "89"]
[EventDate "2020.08.18"]
[EventType "swiss (blitz)"]
[EventRounds "10"]
[EventCountry "USA"]
[SourceTitle "CBM 197 Extra"]
[Source "ChessBase"]
[SourceDate "2020.09.30"]
[SourceVersion "1"]
[SourceVersionDate "2020.09.30"]
[SourceQuality "1"]

1. e4 e5 2. Nf3 Nc6 3. Bb5 a6 4. Ba4 Nf6 5. 0-0 b5 6. Bb3 Be7 7. Re1 0-0 8. c3 d5 9. exd5 Nxd5 10. Nxe5 Nxe5 11. Rxe5 c6 12. d4 Bd6 13. Re1 Qh4 14. g3 Qh3 15. Re4 g5 16. Qf3 Bf5 17. Bxd5 cxd5 18. Re3 Be4 19. Rxe4 dxe4 20. Qf6 Qe6 21. Bxg5 Qxf6 22. Bxf6 Rfe8 23. Nd2 e3 24. fxe3 Rxe3 25. Kf2 Rae8 26. Be5 Bxe5 27. Kxe3 Bxg3+ 28. Kd3 Bxh2 29. b3 h5 30. Rh1 Bf4 31. Rxh5 Kg7 32. c4 Kg6 33. Rc5 f5 34. Rc6+ Kg5 35. Rxa6 Re3+ 36. Kc2 Re2 37. cxb5 Rxd2+ 38. Kc3 Rd1 39. b6 Be3 40. b7 Bf4 41. Ra8 Rc1+ 42. Kd3 Rd1+ 43. Kc3 Rc1+ 44. Kd3 Rd1+ 45. Kc3 1/2-1/2

[Event "Titled Tuesday intern op 26th May"]
[Site "Chess.com INT"]
[Date "2020.05.26"]
[Round "3"]
[White "Allam, Mohamed"]
[Black "Larrea, Manuel"]
[Result "1-0"]
[WhiteElo "1971"]
[BlackElo "2230"]
[PlyCount "55"]
[EventDate "2020.05.26"]
[EventType "swiss (blitz)"]
[EventRounds "10"]
[EventCountry "USA"]
[SourceTitle "CBM 196 Extra"]
[Source "ChessBase"]
[SourceDate "2020.07.31"]
[SourceVersion "1"]
[SourceVersionDate "2020.07.31"]
[SourceQuality "1"]

1. e4 c5 2. d4 cxd4 3. c3 Nf6 4. e5 Nd5 5. cxd4 e6 6. Nf3 d6 7. Bd3 Be7 8. 0-0 0-0 9. Nc3 Nxc3 10. bxc3 Nc6 11. exd6 Bxd6 12. Re1 h6 13. Qe2 Qc7 14. Ne5 Ne7 15. Bxh6 gxh6 16. Qg4+ Kh8 17. Qh5 Ng8 18. Re3 Bxe5 19. dxe5 Qxc3 20. Rae1 Qb4 21. Rb1 Qe7 22. Rg3 f5 23. exf6 Qxf6 24. Rf3 Qg7 25. Rxf8 Qxf8 26. Re1 Qg7 27. Qe8 b6 28. Be4 1-0

[Event "Titled Tuesday intern op 26th May"]
[Site "Chess.com INT"]
[Date "2020.05.26"]
[Round "10"]
[White "Navrotescu, Andreea Cristiana"]
[Black "Allam, Mohamed"]
[Result "1-0"]
[WhiteElo "2284"]
[BlackElo "1971"]
[PlyCount "59"]
[EventDate "2020.05.26"]
[EventType "swiss (blitz)"]
[EventRounds "10"]
[EventCountry "USA"]
[SourceTitle "CBM 196 Extra"]
[Source "ChessBase"]
[SourceDate "2020.07.31"]
[SourceVersion "1"]
[SourceVersionDate "2020.07.31"]
[SourceQuality "1"]

1. d4 Nf6 2. c4 e6 3. Nc3 d5 4. Nf3 c6 5. Bf4 Bd6 6. Ne5 0-0 7. e3 Bxe5 8. Bxe5 Nbd7 9. Bg3 Qb6 10. Qc2 Re8 11. cxd5 exd5 12. Bd3 Nf8 13. 0-0 Bg4 14. Na4 Qd8 15. Nc5 Qe7 16. f3 Bh5 17. Rae1 Bg6 18. e4 dxe4 19. fxe4 Ne6 20. Bh4 Nxd4 21. Qc3 Rad8 22. e5 Bxd3 23. Nxd3 Qd7 24. exf6 Ne2+ 25. Rxe2 Rxe2 26. Nf4 Re4 27. fxg7 Rde8 28. Nh5 R8e6 29. Nf6+ Rxf6 30. Bxf6 1-0

[Event "Olympiad-43"]
[Site "Batumi"]
[Date "2018.10.05"]
[Round "11.3"]
[White "Allam, Mohamed"]
[Black "Lwebuga, Ronald"]
[Result "1/2-1/2"]
[WhiteElo "1948"]
[BlackElo "1819"]
[PlyCount "62"]
[EventDate "2018.09.24"]
[EventType "team-swiss"]
[EventRounds "11"]
[EventCountry "GEO"]
[SourceTitle "CBM 187"]
[Source "ChessBase"]
[SourceDate "2018.12.11"]
[SourceVersion "1"]
[SourceVersionDate "2018.12.11"]
[SourceQuality "1"]
[WhiteTeam "Palestine"]
[BlackTeam "Sierra Leone"]
[WhiteTeamCountry "PLE"]
[BlackTeamCountry "SIE"]

1. Nf3 g6 2. e4 d6 3. d4 Bg7 4. c4 c6 5. Nc3 Nd7 6. Be3 Qa5 7. Qd2 Ngf6 8. h3 h6 9. Bd3 e6 10. a3 a6 11. b4 Qc7 12. 0-0 b6 13. Rfe1 Bb7 14. d5 cxd5 15. cxd5 e5 16. Rac1 Qd8 17. Rc2 Rc8 18. Qe2 Nb8 19. Qd2 Nbd7 20. Rec1 h5 21. b5 a5 22. Na4 Rxc2 23. Rxc2 Nc5 24. Nxc5 dxc5 25. Nxe5 Nxe4 26. Nxf7 Nxd2 27. Nxd8 Nf3+ 28. gxf3 Kxd8 29. Bxg6 Bf6 30. Kf1 Bc8 31. h4 Bxh4 1/2-1/2

[Event "Olympiad-43"]
[Site "Batumi"]
[Date "2018.09.24"]
[Round "1.45"]
[White "Kjartansson, Gudmundur"]
[Black "Allam, Mohamed"]
[Result "1-0"]
[WhiteElo "2428"]
[BlackElo "1948"]
[PlyCount "71"]
[EventDate "2018.09.24"]
[EventType "team-swiss"]
[EventRounds "11"]
[EventCountry "GEO"]
[SourceTitle "CBM 187"]
[Source "ChessBase"]
[SourceDate "2018.12.11"]
[SourceVersion "1"]
[SourceVersionDate "2018.12.11"]
[SourceQuality "1"]
[WhiteTeam "Iceland"]
[BlackTeam "Palestine"]
[WhiteTeamCountry "ISL"]
[BlackTeamCountry "PLE"]

1. d4 Nf6 2. c4 e6 3. Nc3 d5 4. cxd5 exd5 5. Bg5 Be7 6. e3 c6 7. Bd3 Bg4 8. Qc2 Bh5 9. Nge2 Bg6 10. Ng3 Nh5 11. Bxe7 Qxe7 12. Nxh5 Bxh5 13. 0-0 Bg6 14. Rab1 Na6 15. a3 Nc7 16. b4 0-0 17. Bxg6 hxg6 18. a4 Rfd8 19. Rfd1 Rd7 20. Rd3 Rad8 21. Ne2 a6 22. Rc3 Kf8 23. Nc1 Rb8 24. Nd3 Kg8 25. Ne5 Rdd8 26. Qd1 Qe6 27. h4 Qf5 28. g3 f6 29. g4 Qe6 30. Nxg6 f5 31. gxf5 Qe4 32. f3 Qe8 33. Rb2 Rd7 34. Rg2 Rf7 35. Rg5 Qd8 36. Rh5 1-0

[Event "Olympiad-42"]
[Site "Baku"]
[Date "2016.09.08"]
[Round "6.3"]
[White "Delgadillo, Adonai"]
[Black "Allam, Mohamed"]
[Result "0-1"]
[WhiteElo "2232"]
[BlackElo "1850"]
[PlyCount "60"]
[EventDate "2016.09.02"]
[EventType "team-swiss"]
[EventRounds "11"]
[EventCountry "AZE"]
[SourceTitle "CBM 175"]
[Source "ChessBase"]
[SourceDate "2016.11.10"]
[SourceVersion "1"]
[SourceVersionDate "2016.11.10"]
[SourceQuality "1"]
[WhiteTeam "Bolivia"]
[BlackTeam "Palestine"]
[WhiteTeamCountry "BOL"]
[BlackTeamCountry "PLE"]

1. e4 e6 2. d4 d5 3. Nc3 Bb4 4. e5 c5 5. a3 Bxc3+ 6. bxc3 Ne7 7. Qg4 0-0 8. Bd3 Nbc6 9. Bg5 Qa5 10. Ne2 cxd4 11. f4 Ng6 12. Qh5 dxc3 13. Rf1 d4 14. Rf3 Ncxe5 15. fxe5 Qxe5 16. Qg4 Qc5 17. Bxg6 hxg6 18. Qh4 f6 19. Bxf6 Rxf6 20. Rxf6 Qe7 21. Rf8+ Qxf8 22. Qxd4 e5 23. Qd5+ Kh7 24. Rb1 Bg4 25. h3 Rd8 26. Qe4 Bxe2 27. Qxe2 Qc5 28. Qe4 Qg1+ 29. Ke2 Rd2+ 30. Kf3 Qxg2+ 0-1

[Event "Olympiad-42"]
[Site "Baku"]
[Date "2016.09.06"]
[Round "5.3"]
[White "Allam, Mohamed"]
[Black "Maccapani, Massimiliano"]
[Result "1/2-1/2"]
[WhiteElo "1850"]
[BlackElo "1971"]
[PlyCount "90"]
[EventDate "2016.09.02"]
[EventType "team-swiss"]
[EventRounds "11"]
[EventCountry "AZE"]
[SourceTitle "CBM 175"]
[Source "ChessBase"]
[SourceDate "2016.11.10"]
[SourceVersion "1"]
[SourceVersionDate "2016.11.10"]
[SourceQuality "1"]
[WhiteTeam "Palestine"]
[BlackTeam "San Marino"]
[WhiteTeamCountry "PLE"]
[BlackTeamCountry "SMR"]

1. c4 c5 2. Nc3 Nc6 3. g3 g6 4. Bg2 Bg7 5. Nf3 e5 6. d3 d6 7. Bd2 Nge7 8. a3 a5 9. 0-0 0-0 10. Ne1 Be6 11. Nd5 Rb8 12. Rb1 b6 13. Nc2 Nd4 14. Nxe7+ Qxe7 15. b4 axb4 16. axb4 Qd7 17. Re1 Rfd8 18. Ne3 Nf5 19. Nd5 Ne7 20. Bg5 Bxd5 21. Bxe7 Qxe7 22. Bxd5 Rbc8 23. bxc5 bxc5 24. Rb5 Rc7 25. Qb3 Bf6 26. e4 Kg7 27. Ra1 Rdd7 28. Rba5 Ra7 29. Qb6 Rxa5 30. Rxa5 Qd8 31. Qb5 Qe7 32. Qa6 Qd8 33. Qb5 Qe7 34. Qa4 Qd8 35. Bc6 Rc7 36. Bd5 Qd7 37. Qxd7 Rxd7 38. Ra6 Be7 39. Kg2 Rc7 40. h4 h6 41. Kh3 Rd7 42. Kg4 h5+ 43. Kf3 Rc7 44. Ra8 Kf6 45. Ra6 Kg7 1/2-1/2

[Event "Wch U12"]
[Site "Al Ain"]
[Date "2013.12.28"]
[Round "11"]
[White "Yi, Sejin"]
[Black "Allam, Mohamed"]
[Result "1/2-1/2"]
[WhiteElo "1440"]
[BlackElo "1750"]
[PlyCount "96"]
[EventDate "2013.12.18"]
[EventType "swiss"]
[EventRounds "11"]
[EventCountry "UAE"]
[SourceTitle "CBM 158 Extra"]
[Source "ChessBase"]
[SourceDate "2014.02.28"]
[SourceVersion "1"]
[SourceVersionDate "2014.02.28"]
[SourceQuality "1"]

1. e4 e6 2. d4 d5 3. e5 c5 4. c3 Nc6 5. a3 Qb6 6. Nf3 c4 7. Be2 Bd7 8. Nbd2 Na5 9. 0-0 Ne7 10. Rb1 Nb3 11. Nxb3 Ba4 12. Nfd2 Nc6 13. Qe1 Bxb3 14. Nxb3 Qxb3 15. Bg5 h6 16. Bh4 Na5 17. Bd1 Qb5 18. Bc2 Be7 19. Qd1 Qd7 20. Bxe7 Qxe7 21. f4 0-0 22. Qh5 f5 23. Rf3 Qf7 24. Qh4 Nc6 25. g4 fxg4 26. Qxg4 Ne7 27. Rg3 Nf5 28. Bxf5 exf5 29. Qg6 Qxg6 30. Rxg6 Kf7 31. Rd6 Rad8 32. Re1 Rxd6 33. exd6 Rd8 34. Re7+ Kf6 35. Rxb7 Rxd6 36. Rxa7 Rb6 37. Ra5 Ke6 38. Ra7 Kf6 39. Rd7 Rb5 40. Kf1 Rxb2 41. Rxd5 Rc2 42. a4 Rxc3 43. a5 Ra3 44. Rc5 Ke6 45. Re5+ Kf6 46. Rc5 Ke6 47. Re5+ Kf6 48. Rc5 Ke6 1/2-1/2

[Event "Wch U12"]
[Site "Al Ain"]
[Date "2013.12.21"]
[Round "5"]
[White "Allam, Mohamed"]
[Black "Asadli, Vugar Afgan Oglu"]
[Result "0-1"]
[WhiteElo "1750"]
[BlackElo "1936"]
[PlyCount "123"]
[EventDate "2013.12.18"]
[EventType "swiss"]
[EventRounds "11"]
[EventCountry "UAE"]
[SourceTitle "CBM 158 Extra"]
[Source "ChessBase"]
[SourceDate "2014.02.28"]
[SourceVersion "1"]
[SourceVersionDate "2014.02.28"]
[SourceQuality "1"]

1. c4 g6 2. g3 Bg7 3. Bg2 d6 4. Nf3 Nf6 5. Nc3 0-0 6. 0-0 Nc6 7. d3 Nh5 8. Bd2 f5 9. Qc1 e5 10. Ng5 Nf6 11. Nd5 Nd4 12. Re1 c6 13. Nxf6+ Bxf6 14. Nf3 Ne6 15. e4 Bg7 16. Ng5 Nd4 17. Nf3 Nxf3+ 18. Bxf3 Qf6 19. Re2 fxe4 20. Bxe4 Bg4 21. Bg5 Qf7 22. Rc2 Rae8 23. Qe3 a6 24. Rac1 Kh8 25. Bg2 Qd7 26. Bh6 Bxh6 27. Qxh6 Rf5 28. Qe3 Ref8 29. d4 Qg7 30. dxe5 Rxe5 31. Qc3 Rfe8 32. f4 Re2 33. Qxg7+ Kxg7 34. Kf1 R8e3 35. h3 Rxc2 36. Rxc2 Bf5 37. Rd2 Rxg3 38. Rxd6 Rd3 39. Rxd3 Bxd3+ 40. Kf2 Bxc4 41. b3 Bd5 42. Bf1 Kf6 43. Ke3 c5 44. Bd3 b5 45. Bc2 Be6 46. h4 h5 47. a4 b4 48. Kf3 c4 49. bxc4 Bxc4 50. Ke3 b3 51. Bb1 Be6 52. Kd2 Bf5 53. Bxf5 Kxf5 54. Kc3 Kxf4 55. Kxb3 g5 56. hxg5 Kxg5 57. Kb4 h4 58. Ka5 h3 59. Kxa6 h2 60. Kb6 h1Q 61. a5 Qa8 62. a6 0-1